000 00187nam a2200109Ia 4500
100 _aSOTHEBY'S
942 _cBK
245 _aINDIAN
260 _b#N/A
546 _aENGLISH
999 _c33039
_d33039